| 000 | 00824cam a22001934a 4500 | ||
|---|---|---|---|
| 005 | 20250605164207.0 | ||
| 008 | 250528s ||||||||||||||||||||||||d | ||
| 035 | _a20070 | ||
| 020 | _a3452233685 | ||
| 040 |
_aGR-AtMCL _bgre _dGR-AtMCL _eAACR2 |
||
| 245 | 1 | _aSchiedsgerichtsbarkeit in gesellschaftsrechtlichen und erbrechtlichen Angelegenheiten / Schriftenreihe des Deutschen Instituts fur Schiedsgerichtswesen German Institution of Arbitration | |
| 260 |
_bCarl Heymanns Verlag Kg, _c1996 |
||
| 300 | _a308 | ||
| 520 | _aVorwort und Einfuhrung, Die Wirksamkeit von Schiedsklauseln in Gesellschaftsvertragen, Schiedsfahigkeit von gesellschaftsrechtlichen Fragen, Die praxisgerechte inhaltliche Ausgestaltung. | ||
| 710 | 2 |
_aBeitragen von Mit _99777 |
|
| 942 | _cBK | ||
| 999 |
_c5218 _d5218 |
||